| 000 | 00937nam a22002897a 4500 | ||
|---|---|---|---|
| 001 | 7672 | ||
| 003 | FISKH | ||
| 005 | 20250730153330.0 | ||
| 008 | 250730b cb ||||| |||| 00| 0 eng d | ||
| 020 | _a9781862910645 | ||
| 040 |
_aFISKH _beng _cFISKH _dFISKH |
||
| 050 | _aPZ7.F8373 W | ||
| 082 | _a823.3 | ||
| 100 | _aFox, Mem | ||
| 245 |
_aWilfrid Gordon McDonald Partridge / _cWritten by Mem Fox : Illustrated by Julie Vivas |
||
| 260 |
_aSydney : _bOmnibus Books , _c1984. |
||
| 300 |
_a32 unnumbered pages : _bcolor illustrations ; _c26 cm . |
||
| 505 | _aJ | ||
| 520 | _aA small boy tries to discover the meaning of "memory" so he can restore that of an elderly friend. | ||
| 521 | 8 |
_a500
_bLexile estimate |
|
| 521 | 8 |
_aJ
_bRaz-Plus |
|
| 650 |
_aOld age _vJuvenile Literature |
||
| 650 |
_aCaring _vJuvenile Literature |
||
| 700 |
_aVivas, Julie _eIllustrator |
||
| 942 |
_2ddc _cBK _n0 |
||
| 999 |
_c7672 _d7672 |
||